000 00872nam a2200205Ii 4500
003 JO-AjNU
008 230605s9999||||xx |||||||||||||| ||und||
017 _a2015/7/3169
040 _aJO-AjNU
_bara
_erda
_cJO-AjNU
041 _aara
050 1 4 _aDS144.3.G381 2015
100 3 _aغوانمه، يوسف حسن,
_eauthor
_961082
245 0 0 _aالتاريخ السياسي للأردن في عصر دولة المماليك الاولى
264 3 1 _aعمان: وزارة الثقافه، 2015
300 _a352ص
_bمكتبة الاسرة، مهرجان القراءة للجميع/ الاردن-عمان-وزارة الثقافة ويحتوي على مصادر وجداول
336 _atext
_btxt
_2rdacontent
337 _aunmediated
_bn
_2rdamedia
338 _avolume
_bnc
_2rdacarrier
650 4 _aالاردن- تااريخ- العصر المملوكي
_961083
999 _aA27588
_c31156
_d31156